[Event "WA Class Championships, Master"]
[Site "Bellevue, WA"]
[Date "2023.11.26"]
[Round "5"]
[White "He, Daniel"]
[Black "Willy, Stephen"]
[Result "1-0"]
[WhiteElo "2357"]
[BlackElo "2203"]
[Annotator "Daniel He"]
[PlyCount "93"]
[EventDate "2023.11.26"]

{[%evp 0,93,28,38,48,33,35,45,39,38,38,9,31,8,20,33,27,27,2,2,-2,7,2,25,43,40,40,31,34,0,57,-19,-11,-213,-31,-44,-40,-44,-44,-37,-42,-29,-28,-65,-14,-90,-92,-202,-136,-136,30,36,53,-15,-3,0,155,0,135,135,143,77,77,148,124,167,75,0,195,118,118,118,122,179,219,36,301,36,146,254,362,362,306,445,453,455,455,249,29993,29994,29995,29996,29997,29998,29999,29999] This game illustrates quite well the power of a dynamic advantage, which in my own terms consists of a lead in development and the opponent's weak king.} 1. e4 e6 2. d4 d5 3. Nc3 Nf6 4. e5 {The French Steinitz variation, where White usually maintains a nice pawn center but Black aims for pawn breaks at either c5 or f6 to chip at it.} Nfd7 5. f4 c5 6. Nf3 Nc6 7. Be3 cxd4 8. Nxd4 Qb6 {A sideline that immediately attacks the b2 pawn before White is able to 0-0-0} 9. Na4 Qa5+ 10. Nc3 Qb6 11. Qd2 {Sacrificing the b2 pawn for the initiative} Qxb2 12. Rb1 Qa3 13. Bb5 Nxd4 14. Bxd4 a6 15. Rb3 Qe7 16. Ba4 Qd8 (16... b5 17. Bxb5 {This is the point. Due to being behind in development, Black's king is stuck in the center and is all tangled up} axb5 18. Nxb5 Qd8 19. Qc3 {White will win the exchange with Nc7+}) 17. Bb6 Qh4+ 18. Bf2 Qd8 19. Bb6 Qh4+ 20. g3 Qg4 21. Ne4 $5 {Offering the knight, but it cannot be taken.} Be7 (21... dxe4 22. Rc3 {The threat of Rxc8+ is deadly and Black's queen is offsides and cannot help defend.} Bb4 23. Rxc8+ Rxc8 24. Bxd7+ Ke7 25. Qxb4+ Kxd7 26. Qd6+ Ke8 27. O-O $1 {Simply threatening Rd1 and black is helpless against it}) 22. Nc5 Bxc5 23. Bxc5 b5 24. Ba3 {Making room for Qb4 with the mate threat} Qg6 $2 (24... Nxe5 {The best move according to theory which can lead to a draw by repetition} 25. fxe5 (25. Qb4 $5 Ng6 {Quite a sharp position which is hard to evaluate, but the engine calls it dynamically equal.}) 25... Qe4+ 26. Kf2 Qxh1 {Black has a perpetual check as soon as white plays Qb4}) 25. Re3 f5 26. exf6 Nxf6 27. f5 {Giving up another pawn to open up the f-file. In such an open position, piece activity is far more valuable than pawns.} Qh6 {I believe this is Black's best try, threatening Ne4 and Ng4} (27... Qf7 28. fxe6 Bxe6 29. O-O {A long-lasting initiative and black is still unable to castle on either side.} bxa4 30. Qd4) (27... Qxf5 28. Rf1 Qg6 29. Qb4 Qf7 30. Bb3 {I evaluated this as a bit better for white also keeping a long-lasting initiative. One idea from here is invade on the dark squares with a rook maneuver such as Rc3-Rc7.}) 28. Qc3 {Active defense! Getting out of the pin and activating the queen} Ne4 29. Qc6+ Kd8 30. Qb6+ Ke8 31. Qc6+ {I was ready to play Rxe4, but given the extremely sharp nature of the position, the repetition of moves is strategic to speed up the game to move 40 for the second time control where more time is crucial for the necessary calculation.} Kd8 32. Qb6+ Ke8 33. Rxe4 dxe4 34. Qc6+ Kd8 35. Qb6+ Ke8 36. Qc5 {It is essential to play Qc5 when the king is on e8 instead of d8 so Black cannot play Bd7 and shield the king} Qf6 (36... Qg5 37. Qc6+ Kf7 38. O-O {If black ever plays exf5, Bb3+ comes and another piece joins the action}) 37. Qc6+ Kd8 38. Qb6+ Ke8 39. Qc6+ Kd8 40. Ke2 {Black has no checks! The last piece, the Rh1, is activated.} Ra7 41. Qb6+ (41. Rd1+ Rd7 {Rd7 stops my entire initiative so I discarded this move}) 41... Rc7 (41... Ke8 42. Qxa7 {Black could have played like this, but it's already dangerous} bxa4 43. Rd1 {It's well known that opposite colored bishop endgames are often drawn, but with queens on, the attacking side has the huge edge. It's illustrated nicely here since Black's light squared bishop is helpless on the dark squares where the threats lie.}) 42. Rd1+ Bd7 43. Bb3 $1 {I'm quite proud of this move! The bishop finally retreats after spending half of the game being left attacked on a4.} (43. Bd6 {I considered this immediate threat but Qc3 looked unclear because it allows Black's queen some counterplay.} Qc3) 43... Qxf5 $4 {Loses on the spot to a combination} (43... exf5 44. Rd6 {Ending with Be6 creates decisive threats. Black is unable to keep the checks} Qg5 45. Rxd7+ Kxd7 46. Be6+ Ke8 47. Qxc7 Qh5+ 48. Ke1 {Black's checks run out}) 44. Qb8+ Rc8 45. Rxd7+ Kxd7 46. Qd6+ Ke8 47. Qe7# {1-0 White wins.} 1-0

[Event "WA Class Championships, Master"]
[Site "Bellevue, WA"]
[Date "2023.11.26"]
[Round "6"]
[White "Haining, Kyle"]
[Black "Min, Ryan"]
[Result "1-0"]
[WhiteElo "2298"]
[BlackElo "2115"]
[Annotator "Kyle Haining"]
[PlyCount "83"]
[EventDate "2023.11.26"]

{[%evp 0,83,17,24,24,7,15,4,20,13,16,29,36,25,44,58,56,37,48,-24,-14,-33,-28,-28,-13,-39,-43,-60,-58,-116,-62,-63,-26,-21,-3,0,0,-1,13,13,34,36,40,51,51,50,113,115,137,122,143,143,172,137,146,126,130,132,150,149,156,165,185,185,188,140,189,165,189,53,205,236,266,315,324,266,316,310,375,489,497,505,505,505,505,536]} 1. e4 e5 2. Nf3 Nc6 3. Bb5 a6 4. Bxc6 dxc6 5. O-O Bg4 6. h3 h5 {Black goes for one of the sharper lines against the Exchange Ruy Lopez} 7. d3 ({Taking the bishop is not a good idea} 7. hxg4 $2 hxg4 8. Nh2 Qh4 $19 {wins for Black}) 7... Qf6 8. Nbd2 g5 $5 {a less played move, which I missed in my opening preparation} ({Main line is} 8... Ne7 9. Re1 Ng6 10. d4 {with a balanced game}) 9. Re1 $6 {White likes to play this move to threaten taking the bishop at some point. This was not the right response here however} ({Better was} 9. Nc4 Bxf3 10. Qxf3 Qxf3 11. gxf3 f6 12. Be3) 9... Be6 ({If} 9... Bd6 $2 {White can take the bishop} 10. hxg4 hxg4 11. Nh2 Qh6 12. Ndf1 $1 $18) 10. d4 {in view of such a fearsome kingside attack, White needs to strike in the center} g4 ({If} 10... exd4 {computer gives the wild line} 11. e5 Qg7 12. Ne4 g4 13. Nxd4 O-O-O 14. Bg5 {with chances on both sides}) 11. Nxe5 gxh3 12. Qf3 hxg2 13. Qxf6 Nxf6 14. f4 {trying to blot out the Black bishop with f5} Bg4 15. Kxg2 Bh6 $6 {the Black bishop ended up being rather useless here} ({To maintain the advantage, Black needed to play more aggressively with} 15... Rg8 16. Kf2 O-O-O {jettisoning the f7 pawn} 17. c3 c5 $1 18. Nxf7 Rd7 19. Ne5 Rdg7 $15 {with active compensation}) 16. Ndf3 Rh7 {guarding f7 and preparing to long-castle. White's position still looks shaky, but after a long think I realized that a series of exchanges favor me} 17. Nxg4 Nxg4 18. Ne5 $5 {a stabilizing move. Computer prefers others, but over the board it was nice to trade and reduce Black's play} (18. Nh4 $1 O-O-O 19. Nf5 $16 {would have been better, but Black can still try to get active}) 18... Nxe5 $2 (18... Rg7 {Black needs to play this version of the endgame} 19. Nxg4 Rxg4+ 20. Kf3 Ke7 21. Be3 Rag8 22. Rg1 {the difference is now Black can play} f5 $1 23. exf5 Kf6) 19. dxe5 $16 {now White has a pleasant endgame} O-O-O 20. Be3 Rg8+ 21. Kf3 Rhg7 22. Rg1 {White is in time to trade} Rg4 23. Rxg4 hxg4+ 24. Kg3 $18 Kd7 25. Rh1 Bf8 26. Rh4 Ke6 27. Rxg4 Rxg4+ 28. Kxg4 c5 29. c4 {fixing the pawn on a dark square} b5 30. b3 Be7 31. Bf2 c6 32. Bh4 Bf8 33. Kh5 Bg7 34. Bf6 Bf8 (34... Bxf6 {doesn't work} 35. exf6 Kxf6 36. Kh6 Ke6 37. Kg7 Ke7 38. f5 b4 39. e5 {White will win the f7 pawn eventually}) 35. a4 {Black's bishop has run out of moves} Kd7 36. f5 Kc7 37. Bh8 Kd7 38. f6 bxc4 39. bxc4 Ke6 40. Bg7 Kxe5 (40... Bxg7 41. fxg7 {and the pawn queens}) 41. Bxf8 Kxf6 42. Bd6 {1-0} 1-0

[Event "WA Class Championship Rapid, Open"]
[Site "Bellevue, WA"]
[Date "2023.11.25"]
[Round "1"]
[White "Wei, Te"]
[Black "Ramaswamy, Rishi"]
[Result "0-1"]
[WhiteElo "1790"]
[BlackElo "1636"]
[Annotator "Wei,Te"]
[PlyCount "71"]
[EventDate "2023.??.??"]
[EventType "rapid"]

{[%evp 0,72,5,-55,-19,-19,-28,-27,-26,-29,-11,-10,14,0,8,8,23,21,24,19,26,26,23,51,54,55,52,49,58,69,63,67,62,57,71,60,52,-8,324,0,0,-17,240,261,231,-32,23,28,28,28,3,14,15,16,99,21,18,-2,-1,-77,-66,-367,139,139,393,398,421,167,365,388,391,311,434,-607,-716]} 1. f4 d5 2. Nf3 Nf6 3. e3 Bg4 4. b3 e6 5. Bb2 c5 6. Bb5+ Nc6 7. O-O Be7 8. d3 O-O 9. Bxc6 bxc6 10. Nbd2 a5 11. a4 Qc7 12. Qe1 h6 13. Ne5 Bf5 14. Ndf3 Kh8 15. Nh4 (15. Kh1 Qb7 16. Rg1 Nd7 17. g4 Bg6 18. Nxg6+ fxg6 19. Qg3 Kh7 20. f5 g5 21. h4) 15... Bh7 16. Qg3 {try to bring more pieces for the attack} Nh5 17. Qh3 Nf6 18. f5 (18. g4 {probably better with g pawn push acting as additional support for later f5} d4 19. e4 Nd7 20. Nxd7 Qxd7 21. f5 h5) 18... Nd7 19. Qg3 $2 {not good, could be much better if play Nhg6} (19. Nhg6+ Bxg6 20. Nxg6+ Kh7 21. Nxf8+) 19... Bd6 20. d4 Nxe5 21. dxe5 Be7 22. fxe6 $2 {bad move, should play f6 utilizing the b2-h8 diagonal} (22. f6 Rg8 (22... gxf6 23. exf6 Qxg3 24. fxe7+) 23. fxe7) 22... fxe6 23. Ng6+ Bxg6 24. Qxg6 Bg5 25. Qxe6 Bxe3+ 26. Kh1 Qc8 27. Qxc8 Raxc8 28. Rxf8+ Rxf8 29. Ba3 d4 30. Bxc5 Rf2 31. c3 d3 32. Bxe3 Re2 33. Bf4 d2 34. Bg3 Re3 35. c4 Rc3 36. Rg1 $2 {bad move leading to resign} (36. Bf4) 0-1

[Event "WA Class Championships, Class B"]
[Site "?"]
[Date "2023.11.26"]
[Round "5"]
[White "Demberel, Amana"]
[Black "Kehl, Hans"]
[Result "1/2-1/2"]
[WhiteElo "1614"]
[BlackElo "1723"]
[Annotator "Hans Kehl"]
[PlyCount "127"]

1. e4 e6 2. d4 d5 3. Nd2 c5 {First big decision. I normally like closed positions and play ...Nf6 followed by 4.e5 Nd7 5.Bd3 c5 6.Nd2 Nc6. But the previous morning I had been tortured in a long closed game out of a queen pawn opening by a middle-school kid who had me completely crushed until he made a blunder (too many good choices to force the win led to him choosing the only one where I had a tactic that allowed me to escape with a rook up - my position was so bad that it still took me 25 moves to untangle my pieces and grind out the win)... So today I chose to open things up.} 4. c3 Nc6 5. Ngf3 cxd4 6. cxd4 dxe4 7. Nxe4 Nf6 8. Nxf6+ Qxf6 {So far, so good. I’ve forced the isolated d-pawn, and now I have a pretty simple plan: complete development of my pieces, and then stack up on the d-pawn.} 9. Bc4 Bb4+ {I think my opponent should play a3 to prevent my bishop from developing with check. It’s also not clear that the bishop is well placed on c4 diagonal with the e6-pawn being solid as a rock. Then again, as I pointed out before, my openings are pretty weak, so what do I know?} 10. Bd2 O-O 11. Bxb4 Nxb4 12. Qe2 Rd8 {I wasn’t sure why my opponent played Qe2, but he said later that he wanted to avoid the d-file when my rook inevitably moved over. I thought at the time he was doubling down on pressuring my e6-pawn, which seemed like a faulty plan, so I was happy.} 13. Rd1 a6 {I considered the immediate 13...b5 instead of ...a6 first, sacrificing the pawn to get the bishop on the b7-diagonal more quickly. But in the end, I figured I would be able to pick up the isolated pawn eventually, so I thought I’d be patient.} 14. O-O b5 15. Bd3 Nxd3 {I was happy to trade off my knight for his bishop because White’s king bishop is generally a fearsome attacker in the French...but I think I probably should have hung on to my knight. I considered 15...Nxa2, but thank goodness I saw 16.Bxh7+ Kxh7 17.Qe4+ winning my rook on a8. This is what finally convinced me to get rid of that darn bishop, but I think 15...Bb7 is a pretty reasonable alternative here.} 16. Rxd3 Bb7 17. Rfd1 Rd6 18. Qe5 Rad8 19. Qxf6 gxf6 {Let’s take stock. I’m happy with the queen trade, and now my plan is to get a timely ...e5 to win that isolated d-pawn. I don’t feel bad about the f6-pawn either, as it controls the g5 and e5 entries for the knight.} 20. Ne1 Be4 21. R3d2 e5 {And here it is -- I have my opponent’s knight dominated, and the d-pawn is going to fall. I feel great! However, this is the wrong idea, and actually the position is very even. “Winning” the d-pawn will leave me with isolated pawns on h, f, and d with a bishop against my opponent’s knight. No victory there.} 22. f3 Bf5 23. d5 $2 Kf8 {As an aside the immediate 23...Be6??, while being strategically correct, would have lost the game, as 24.dxe6! Rxd2 25.Rxd2 Rxd2 26.e7 and the rook can’t get back and the King can’t get over. I forgot how many tactics there are lurking even in the simplest positions!} 24. Kf2 Be6 {Now …Be6 works.} 25. Nc2 Rxd5 26. Rxd5 Rxd5 27. Rxd5 Bxd5 28. a3 f5 {Entering the endgame, I’m feeling great! I’ve won that d-pawn which was my objective from the opening, and pawns on both sides of the board make my bishop reasonably strong against the knight. He of course isn’t going to make it easy on me and is putting his pawns on the dark squares where they will be safe from my bishop. Unfortunately, while I’ve achieved my opening and middle game objectives, I’m not sure what my plan should be going forward, so I decide to get more space with …f5.} 29. Nb4 Bb7 30. Nd3 f6 31. Nc5 $2 Bc8 {I remember reading a Chess Life article back when I was a kid in the ‘70s, where the author, who was also a go-master, used the word tesu-ji to describe placing a bishop three squares in front of a knight to dominate the knight’s squares. I’m happy with my bishop in the tesu-ji position I was hoping for when this sequence started on move 29. In reality, 31.f4 completely blockades the position, or leaves black’s pawns too isolated to be useful. Piece activity and outposts are great in the middle game, but endgames are a different kettle of fish.} 32. g3 Ke7 33. Ke3 Kd6 34. b4 Kd5 {Creating an outpost or the knight on c5 is the wrong idea as it can’t really threaten anything. The knight needs to get active instead.} 35. Kd2 a5 36. Kc3 e4 37. Nb3 a4 $6 38. Na5 $2 exf3 {Then he obliges by putting himself back into the barn. 38.Nd4 was a much better, more natural looking move. Responding to with 38...Bd7?? (using the tesu-ji idea) would be a terrible mistake as after 39.f4 the position is blockaded. The only way to win after 38.Nd4 is to play either 38...f4, sacrificing a pawn to prevent the f4 square from being blocked, or 38...exf3 with the same idea. This is the same idea my opponent should have followed on move 31. As it stands, I am now up two pawns, and my opponent’s knight is trapped. At this point I was thinking “How can I possibly do anything but win this game? First place here I come -- 32 years later, no practice, and I still got it!” Something about counting my chickens before they hatch springs to mind.} 39. Kd3 f2 40. Ke2 Be6 $6 {At this stage, I’m starting to drift a little. I know my opponent’s plan is for his king to somehow trap my king on the a-file, with my bishop being the wrong color for the queening square. If that is not his plan he should just resign. Unfortunately for him, my bishop can control the c2-square, so this plan won’t work. …Be6 is an attempt to get my bishop on controlling the c2-square, and maybe even get on the h1-a8 diagonal and permanently get my opponents knight trapped in the barn. 40...Kd4, c3, b2, a3 is a simple, simple, win.} 41. Kxf2 Kd4 42. Nc6+ Kc3 43. Ke3 Bc4 {Trying to protect my b-pawn and control some of the access for my opponent’s king.} 44. Nd4 Bd3 45. Nc6 Be4 {Thinking that I need to control that c2 square so my king can march in, grab the a-pawn, and still escape.} 46. Nd4 Kc4 {Defending the b-pawn, but I don’t think this is a good solution. The bishop needs to defend the pawn, as the king has another job -- to take the a-pawn.} 47. h4 h5 {I played …h5 without thinking, but the reality is 48.g4 almost wins for White, as 48...fxg4 hangs the bishop, and after 48...hxg5 the black bishop barely gets back to stop the h-pawn from queening. Immediately after I played ...h5, I realized I should have at least calculated what was going on before playing it! A lesson for next time.} 48. Ne2 Kb3 49. Kd2 Kxa3 50. Kc3 Ka2 {Finally. My plan has worked. My bishop controls the c2-square, my king can escape. I can give up the a-pawn, and march my king over to the king side, pick off his pawns, and win the endgame. I was starting to congratulate myself on playing a decent opening and middle game and having executed the winning plan in the endgame.} 51. Nd4 Kb1 $4 {The obvious correct move is 51...a3. I knew it, I had planned for it, and I just needed to play it. But somehow, I started thinking: “Well, if I play 51...a3, after 52.Nxb5 Bc6 53.Nd4 he is attacking my bishop, and he has a passed pawn as well. I then have to play something like 53...Be4 maintaining control of the c2-square for my king’s escape, and he’ll play 54.Nc2. I can’t play 54...Bxc2 because after king takes, my king is trapped, and his passed pawn wins. So I’m stuck with a draw.” But the reality is after 53.Nd4 Kb1! my a-pawn will queen if he takes the bishop, so he has to play 54.Nb3, and after 54...a2 55.Nd2+ Kc1 56.Nb3+ Kd1 57.Kb2 Ke1 my king will pick off the kingside pawns, and my bishop will defend against his passed pawn. His king is just too far out of position, and still needs to take a move to kill my pawn on a2. Also, if I was really that uncomfortable with losing my b-pawn, I should have just played 50...Bd5 and avoided the whole mess. After 51...Kb1 it is a draw. At this point my back hurts, my head hurts, and I look over at my opponent, a student over at Lincoln High School - he looks as fresh and relaxed as when we started. Youth is an unfair advantage!} 52. Nxb5 Bc6 53. Na3+ Ka2 54. b5 Bd7 $2 {OK. Now, after throwing away the win, I’m working hard on throwing away the draw. I need to maintain control of the h1-a8 diagonal as b7 is the last square that my bishop can defend his passed b-pawn.} 55. Kb4 Kb2 56. Kxa4 $2 Kc3 {An understandable mistake that throws away any chances for my opponent to win (and thank goodness for that!). The right idea is to get the bishop off the h1-a8 diagonal, and get the passed pawn moving before my king can start gobbling up his kingside pawns. Kxa4 leaves his pawn pinned by my bishop.} 57. Ka5 Kd4 58. b6 Bc6 59. Nb5+ Ke3 60. Nd6 Kf3 61. Nxf5 Kg4 62. Ng7 Bb7 63. Kb5 f5 64. Kc5 {I ended up tied for second place, with two wins and four draws.  My young opponent tied for first with three wins and three draws. After the tournament, his rating jumped by +193 points! Mine increased by +1 LOL. Maybe I’ll try the Washington State Class Championships again in another 30 years!} 1/2-1/2